| 000 | 01574nam0a2200397 4500 | ||
|---|---|---|---|
| 001 | RU\NLR\bibl\218887 | ||
| 005 | 20250619103534.0 | ||
| 010 |
_a5-7107-4392-5 _9100000 |
||
| 021 |
_aRU _b2001-23292 _91105 |
||
| 035 | _a(NLR Aleph) 000214971 | ||
| 090 |
_a1248516 _c1248516 |
||
| 100 | _a20010731d2001 |||y0rusy50 ca | ||
| 101 | 0 | _arus | |
| 102 | _aRU | ||
| 105 | _aa ||||||||| | ||
| 200 | 1 |
_aВведение в историю _eУчеб. для четырехлет. нач. шк. _e3 кл. _fЕ. В. Саплина, А. И. Саплин |
|
| 205 | _a7-е изд., стер. | ||
| 210 |
_aМ. _cДрофа _d2001 |
||
| 215 |
_a102, [1] с. _cцв.ил. _d29 |
||
| 606 | 0 |
_aВсеобщая история _jРуководства, пособия и т.п. для средней школы _91324332 _3RU\NLR\auth\66234889 |
|
| 606 | 0 |
_aВсеобщая история _jУчебные издания для средней школы _91324332 _3RU\NLR\auth\66234889 |
|
| 610 | 0 | _aИстория | |
| 675 |
_a373.167.1:94+94(075.3) _v3 _zrus |
||
| 686 |
_a14.25 _2rugasnti |
||
| 686 |
_a63.3я72 _2rubbk |
||
| 686 | _aТ3(0)я72 | ||
| 700 | 1 |
_4070 _aСаплина _bЕ. В. _f1959- _gЕлена Витальевна _9157820 _3RU\NLR\AUTH\770157861 |
|
| 701 | 1 |
_4070 _aСаплин _bА. И. _gАндрей Иванович _9157822 _3RU\NLR\AUTH\770157863 |
|
| 801 | 0 |
_aRU _bRKP _c20010731 _gPSBO |
|
| 801 | 1 |
_aRU _bRKP _c20010731 |
|
| 801 | 2 |
_aRU _bNLR _c20020219 _grcr |
|
| 830 | _aАвт. по кн. | ||
| 942 | _cBOOK | ||
| 980 | _aNB | ||